000 01275nam a2200313 i 4500
003 EG-GICUC
005 20260121101724.0
008 260113s2006 ua ||||fr|||| 00| 0 ara d
040 _a EG-GICUC
_bara
_c EG-GICUC
_d EG-GICUC
_erda
041 0 _aara
082 0 4 _221
_a345.621
_bأ ش . ت
092 0 4 _221
099 _aLaw1 07 345.621 أ ش . ت 2006
100 0 _aأشرف عبد الفتاح أبو المجد
_eمؤلف.
245 1 0 _aتسبيب القرارات الإدارية أمام قاضي الإلغاء :
_b"دراسة مقارنة" /
_cد. أشرف عبد الفتاح أبو المجد.
264 _a[دون مكان نشر] :
_b[دون ناشر]،
_c2006.
300 _a587 صفحة؛
_c24 سم.
336 _2rda content
_atext
337 _2rda media
_aComputer
338 _2rda carrier
_aOnline Resource
504 _a587-565 ببليوجرافيا: صفحات.
504 _aيشتمل على إرجاعات ببليوجرافية.
546 _aالنص أغلبه باللغة العربية مع بعض النصوص الفرنسية
650 1 4 _aركن السبب والتسبب
650 1 4 _aالقانون الإداري
856 4 0 _uhttps://fll.law.cu.edu.eg/fulltext/bks/B07-02034.pdf
905 _a32
942 _2ddc
_cBK
_e21
_n0
999 _c56848
_d56848